| 000 | 01028nam a2200229Ia 4500 | ||
|---|---|---|---|
| 001 | 1585 | ||
| 003 | GE_BSU | ||
| 008 | 181216s||||||||xx |||||||||||||| ||und|| | ||
| 020 | _a9789994057771 | ||
| 040 | _cGE_BSU | ||
| 080 | _a656.25:621.391 | ||
| 100 | _aაბულაძე, ლ. ელიზბარაშვილი, მ. ბერიძე, ა. | ||
| 245 | _aინფორმაციის თეორიის გამოყენება რკინიგზის ტრანსპორტის ავტომატიზებულ მართვაში. | ||
| 245 | _bდამხმ. სახელმძღვანელო. | ||
| 260 | _aთბილისი | ||
| 260 | _bტექნ. უნ-ტი. | ||
| 260 | _c2007 | ||
| 300 | _a78გვ; 28 სმ. | ||
| 541 | _h8 ლ. | ||
| 653 | _aინფორმაცის თეორია რკინიგზის ტრანსპორტის ავტომატიზებულ მართვაში. | ||
| 942 | _cBK | ||
| 999 |
_c35712 _d35712 |
||